01619nam a2200433 i 450000100060000000300020000600500170000800600190002500700150004400800410005902000270010003500220012704000310014905000210018008000110020108200120021210000460022424501280027026400540039830000410045233600310049333700330052433800430055750000220060050400280062258800830065059001620073365000140089565000180090965000170092765000210094465500270096570000440099270000400103679700180107685600630109494200110115799900170116878384020241217151447.0m o d | cr cnu||||||||220325s2017 mx ob 001 0 spa d a9786079443917q(print) a(OCoLC)1311929672 aFINmELBbspaerdacFINmELB 4aQA531bI827 2017 a514.1104a5162231 aIslas Salomón, Celia Aracelis,eautora.10aGeometría y trigonometría /cCelia Araceli Islas Salomón, María Patricia Colín Uribe y Fernando Morales Téllez. 1aMéxico D. F. :bGrupo Editorial Éxodo,c2017. a1 recurso en línea (169 páginas) atextobtxt2rdacontent/spa acomputadorabc2rdamedia/spa arecurso en líneabcr2rdacarrier/spa aIncluye índice. aIncluye bibliografía. aDescripción basada en metadatos suministrados por el editor y otras fuentes. aRecurso electrónico. Santa Fe, Arg.: elibro, 2022. Disponible vía World Wide Web. El acceso puede estar limitado para las bibliotecas afiliadas a elibro. 0aGeometry. 0aTrigonometry. 4aGeometría. 4aTrigonometría. 4aLibros electrónicos.1 aColín Uribe, Maria Patricia,eautora.1 aMorales Téllez, Fernando,eautor.2 aelibro, Corp.40uhttps://elibro.net/ereader/politecnicointernacional/130339 cLIBROS c78384d78384